| 000 | 00536nam a22001937a 4500 | ||
|---|---|---|---|
| 003 | KOHA_MİRAKIL | ||
| 005 | 20251221174929.0 | ||
| 008 | 251221b tu ||||| |||| 00| 0 tur d | ||
| 020 | _a9786051963587 | ||
| 040 |
_aTR-AnABB _btur _cTR-AnABB |
||
| 041 | _atur | ||
| 082 |
_a900 _bKAR 2019 |
||
| 100 | 1 | _aKarauğuz, Güngör, | |
| 245 | 1 | 0 | _aHitit Tarihi ve İdari Kil Kitaplar / |
| 260 |
_aİstanbul : _bÇizgi Kitabevi Yayınları, _c2019 |
||
| 300 |
_a208 sayfa ; _c22 cm |
||
| 650 | 0 | 4 | _aHitit Tarihi |
| 942 |
_2ddc _cBK |
||
| 999 |
_c9895 _d9895 |
||
| 900 | _bGizem YORULMAZ | ||